00593nam a22001577a 4500008004100000020001800041040000900059050001800068100002700086245013800113300002900251500003800280650004200318650002800360650004700388250703b |||||||| |||| 00| 0 eng d a9781497357990 aMKSU aLC 4351b.W55 aWilkinson Lussen daryl aArt beyond the eyes :bA handbook for visual art teachers working with students with visual impairements /cDaryl lussen wilkinson .  avi,80p. :bill. ;c28cm. ainclude bibliographic referrences avisually impaired childrenxEducation aArtxStudy and teaching aArt therapy for visually impaired children